The spy (Record no. 118435)

MARC details
000 -LEADER
fixed length control field 00749nam a2200265 i 4500
001 - CONTROL NUMBER
control field C2-0317365
003 - CONTROL NUMBER IDENTIFIER
control field PPAK
005 - DATE AND TIME OF LATEST TRANSACTION
control field 20180728113541.0
008 - FIXED-LENGTH DATA ELEMENTS--GENERAL INFORMATION
fixed length control field 120912s2011 my a|||| ||||| | eng d
020 ## - INTERNATIONAL STANDARD BOOK NUMBER
International Standard Book Number 9789670117119
040 ## - CATALOGING SOURCE
Original cataloging agency PPAK
Language of cataloging eng
Transcribing agency PPAK
Description conventions rda
082 04 - DEWEY DECIMAL CLASSIFICATION NUMBER
Classification number 823
Edition number 23
090 00 - LOCALLY ASSIGNED LC-TYPE CALL NUMBER (OCLC); LOCAL CALL NUMBER (RLIN)
Classification number (OCLC) (R) ; Classification number, CALL (RLIN) (NR) 823
Feature heading POO
Feature heading K
100 1# - MAIN ENTRY--PERSONAL NAME
Personal name Poon, Kenny,
Relator term author
245 14 - TITLE STATEMENT
Title The spy
264 #1 - PRODUCTION, PUBLICATION, DISTRIBUTION, MANUFACTURE, AND COPYRIGHT NOTICE
Place of production, publication, distribution, manufacture Kuala Lumpur :
Name of producer, publisher, distributor, manufacturer Pustaka Ilmu Cemerlang ,
Date of production, publication, distribution, manufacture, or copyright notice 2011
300 ## - PHYSICAL DESCRIPTION
Extent 52 pages :
Other physical details illustrations ;
Dimensions 21 cm
336 ## - CONTENT TYPE
Source rdacontent
Content type term text
337 ## - MEDIA TYPE
Source rdamedia
Media type term unmediated
338 ## - CARRIER TYPE
Source rdacarrier
Carrier type term volume
490 1# - SERIES STATEMENT
Series statement The most authentic stories series
650 10 - SUBJECT ADDED ENTRY--TOPICAL TERM
Topical term or geographic name entry element Children's stories, English
830 #0 - SERIES ADDED ENTRY--UNIFORM TITLE
Uniform title The most authentic stories series
942 ## - ADDED ENTRY ELEMENTS (KOHA)
-- dc
Koha item type Book
Holdings
Withdrawn Not for loan Current library Shelving location Date acquired Full call number Barcode Date last seen Koha item type Total Checkouts Date last checked out
    Perpustakaan Alor Setar Pinjaman Kanak-kanak 12/09/2012 K 823 POO A01381594 29/01/2023 Book 1 07/09/2022
    Perpustakaan Alor Setar Pinjaman Kanak-kanak 12/09/2012 K 823 POO A01381595 22/06/2019 Book 1 02/06/2019
    Perpustakaan Awam Sungai Petani Pinjaman Kanak-kanak 12/09/2012 K 823 POO A01381596 07/12/2019 Book 3 17/11/2019
    Perpustakaan Baling Pinjaman Kanak-kanak 12/09/2012 K 823 POO A01381602 09/05/2018 Book    
    Perpustakaan Bandar Baharu Pinjaman Kanak-kanak 12/09/2012 K 823 POO A01381603 09/05/2018 Book    
    Perpustakaan Jitra Pinjaman Kanak-kanak 12/09/2012 K 823 POO A01381597 09/05/2018 Book    
    Perpustakaan Kuala Nerang Pinjaman Kanak-kanak 12/09/2012 K 823 POO A01381604 09/05/2018 Book    
    Perpustakaan Kulim Pinjaman Kanak-kanak 12/09/2012 K 823 POO A01381599 09/05/2018 Book    
    Perpustakaan Langkawi Pinjaman Kanak-kanak 12/09/2012 K 823 POO A01381598 09/05/2018 Book    
    Perpustakaan Merbok Pinjaman Kanak-kanak 12/09/2012 K 823 POO A01381606 09/05/2018 Book    
    Perpustakaan Pendang Pinjaman Kanak-kanak 12/09/2012 K 823 POO A01381607 09/05/2018 Book    
    Perpustakaan Sik Pinjaman Kanak-kanak 12/09/2012 K 823 POO A01381601 09/05/2018 Book    
    Perpustakaan Yan Pinjaman Kanak-kanak 12/09/2012 K 823 POO A01381600 09/05/2018 Book